Normal view MARC view
  • Rosales Reyes, Maritza

Entry Nombre Personal

Number of records used in: 1

001 - NUMERO DE CONTROL

  • campo de control: 45092

003 - IDENTIFICADOR DE NUMERO DE CONTROL

  • campo de control: UPN

005 - FECHA Y HORA DE LA ÜLTIMA TRANSACCIÓN

  • campo de control: 20220811125859.0

008 - DATOS DE LONGITUD FIJA

  • campo de control de longitud fija: 220628|| aca||aabn | a|a d

040 ## - FUENTE DE CATALOGACIÓN

  • Agencia original de catalogación: MX-MxUPN
  • Lenguaje de catalogación: spa
  • Agencia de transcripción: MX-MxUPN
  • Agencia que lo modifica: MX-MxUPN

100 1# - ENCABEZAMIENTO - NOMBRE PERSONAL

  • Nombre personal: Rosales Reyes, Maritza
  • Término de relación: autor

372 ## - CAMPO DE ACTIVIDAD

  • Field of activity: Economía

373 ## - GRUPO ASOCIADO

  • Associated group: Instituto Belisario Domínguez

374 ## - OCUPACIÓN

  • Occupation: Economista
  • Occupation: Analista económico
  • Occupation: Investigadora

375 ## - GÉNERO

  • Gender: femenino

377 ## - LENGUA ASOCIADA

  • Language code: spa

400 1# - VEÁSE - NOMBRE DE PERSONA

  • Personal name: Reyes, Maritza Rosales

670 ## - FUENTE EN LA QUE SE LOCALIZARON DATOS

  • Cita de la fuente: En la obra: Informalidad: implicaciones legislativas y políticas públicas para reducirla, 2017:
  • Información localizada: portada (Maritza Rosales Reyes) página 277 (Maritza Rosales Reyes es maestra en Economía por el Centro de Investigación y Docencia Económicas (CIDE) y licenciada en Economía por la Universidad Panamericana (UP). Fue analista económico y directora de Competitividad y Desarrollo Regional en Aregional. [...] Actualmente se desempeña como investigadora en el área de Análisis Prospectivo y Presupuestal de las Decisiones legislativas en el Instituto Belisario Domínguez del Senado de la República, donde ha desarrollado estudios relacionados con la reforma energética, las finanzas públicas federales y estatales)

902 ## - CATALOGADOR

  • Catalogador: NDAF/110822